[Event "POL-chT U20 2nd League"]
[Site "Sypniewo"]
[Date "2025.06.22"]
[Round "5.32"]
[White "Baran, Szymon"]
[Black "Garwacki, Kornel"]
[Result "1/2-1/2"]
[WhiteElo "1827"]
[BlackElo "1892"]
[PlyCount "61"]
[EventDate "2025.06.18"]
[EventType "team-swiss"]
[EventRounds "9"]
[EventCountry "POL"]
[SourceTitle "CB27_2025"]
[SourceDate "2025.07.02"]
[SourceVersion "1"]
[SourceVersionDate "2025.07.02"]
[SourceQuality "1"]
[WhiteTeam "Jastrzębie Zdroj Pionier II"]
[BlackTeam "Poznan Na Pieterku"]
[WhiteTeamCountry "POL"]
[BlackTeamCountry "POL"]

1. e4 c5 2. Nf3 e6 3. d4 cxd4 4. Nxd4 Nf6 5. Nc3 Nc6 6. Ndb5 Bb4 7. a3 Bxc3+ 8. Nxc3 d5 9. exd5 exd5 10. Bd3 d4 11. Ne2 0-0 12. 0-0 Bg4 13. f3 Bh5 14. Nf4 Bg6 15. Nxg6 hxg6 16. b4 a6 17. Re1 Qd6 18. Qd2 Rfe8 19. Bb2 b5 20. Rad1 Rxe1+ 21. Qxe1 Re8 22. Qf2 Rd8 23. Bf1 Qe5 24. Qd2 Qf5 25. Bd3 Qd5 26. a4 Rb8 27. axb5 axb5 28. Bf1 Rd8 29. Rc1 Ne5 30. Rd1 Nc6 31. Rc1 1/2-1/2

[Event "Katowice rapid op"]
[Site "Katowice"]
[Date "2025.05.31"]
[Round "7"]
[White "Baran, Szymon"]
[Black "Podolecki, Wojciech"]
[Result "1-0"]
[WhiteElo "1873"]
[BlackElo "1565"]
[PlyCount "63"]
[EventDate "2025.05.31"]
[EventType "swiss"]
[EventRounds "11"]
[EventCountry "POL"]
[SourceTitle "CB24_2025"]
[SourceDate "2025.06.11"]
[SourceVersion "1"]
[SourceVersionDate "2025.06.11"]
[SourceQuality "1"]

1. e4 c5 2. Nf3 d6 3. d4 cxd4 4. Nxd4 Nf6 5. Nc3 g6 6. Be3 Bg7 7. f3 0-0 8. Qd2 Nc6 9. 0-0-0 Bd7 10. g4 a6 11. h4 h5 12. gxh5 Nxh5 13. Be2 Nxd4 14. Bxd4 Bxd4 15. Qxd4 Qc8 16. Nd5 Qd8 17. Rdg1 e6 18. f4 exd5 19. Bxh5 Kh7 20. Be2 Rg8 21. h5 g5 22. Qxd5 Be6 23. Qd4 Rc8 24. Bd3 Kh6 25. e5 dxe5 26. Qxe5 Bxa2 27. fxg5+ Rxg5 28. Qe4 Rxg1+ 29. Rxg1 Qh8 30. Rg6+ Kh7 31. Rg4+ Kh6 32. Qf4+ 1-0

[Event "Katowice rapid op"]
[Site "Katowice"]
[Date "2025.05.31"]
[Round "8"]
[White "Ryszkowski, Adam"]
[Black "Baran, Szymon"]
[Result "0-1"]
[WhiteElo "1539"]
[BlackElo "1873"]
[PlyCount "148"]
[EventDate "2025.05.31"]
[EventType "swiss"]
[EventRounds "11"]
[EventCountry "POL"]
[SourceTitle "CB24_2025"]
[SourceDate "2025.06.11"]
[SourceVersion "1"]
[SourceVersionDate "2025.06.11"]
[SourceQuality "1"]

1. e4 c5 2. Nf3 e6 3. d4 cxd4 4. Nxd4 Nc6 5. Nc3 Qc7 6. Be3 a6 7. Be2 Nf6 8. f4 Bb4 9. Qd3 d5 10. e5 Ne4 11. 0-0 Nxc3 12. bxc3 Be7 13. a4 Na5 14. Bf2 Nc4 15. Qg3 0-0 16. Bd3 g6 17. h4 Re8 18. h5 Bf8 19. Be1 Bg7 20. f5 exf5 21. Bxf5 Qxe5 22. hxg6 hxg6 23. Bd3 Bd7 24. Qf3 Qe3+ 25. Qxe3 Nxe3 26. Rf3 Bg4 27. Rf2 Rac8 28. Rb1 Rc7 29. Bd2 Nc4 30. Bf4 Rce7 31. Rbf1 Ne5 32. Bg5 Rc7 33. Bd2 f5 34. Bf4 Rxc3 35. Bd2 Rcc8 36. Nb3 Nxd3 37. cxd3 b5 38. axb5 axb5 39. Bb4 Re3 40. Rd2 Rce8 41. Bc5 Re2 42. Rxe2 Rxe2 43. d4 Re4 44. Na5 Bxd4+ 45. Bxd4 Rxd4 46. Nc6 Re4 47. Rb1 b4 48. Rxb4 Rxb4 49. Nxb4 d4 50. Kf2 Kf7 51. Nc6 Kf6 52. Nxd4 Ke5 53. Nc2 Bh5 54. Ne3 Kf6 55. Kg3 Be2 56. Kf2 Ba6 57. Nd5+ Kg7 58. Ke3 Bb7 59. Nf4 Be4 60. g3 Kf6 61. Ne2 g5 62. Nd4 Ke5 63. Ne2 Bd5 64. Nd4 f4+ 65. gxf4+ gxf4+ 66. Kd3 Be4+ 67. Kc3 Bd5 68. Kd3 Be4+ 69. Kc3 Bb7 70. Kd3 Ba6+ 71. Kc3 Ke4 72. Nc2 f3 73. Kd2 f2 74. Ne3 Kf3 0-1

[Event "Katowice rapid op"]
[Site "Katowice"]
[Date "2025.05.31"]
[Round "4"]
[White "Wilk, Krzysztof"]
[Black "Baran, Szymon"]
[Result "1-0"]
[WhiteElo "2133"]
[BlackElo "1873"]
[PlyCount "85"]
[EventDate "2025.05.31"]
[EventType "swiss"]
[EventRounds "11"]
[EventCountry "POL"]
[SourceTitle "CB24_2025"]
[SourceDate "2025.06.11"]
[SourceVersion "1"]
[SourceVersionDate "2025.06.11"]
[SourceQuality "1"]

1. b4 Nf6 2. Bb2 e6 3. a3 d5 4. e3 c5 5. bxc5 Bxc5 6. Nf3 Nc6 7. Bxf6 Qxf6 8. d4 Bd6 9. Nbd2 0-0 10. c4 Qe7 11. Qc1 Bd7 12. Qb2 b6 13. Bd3 Rfc8 14. 0-0 h6 15. h3 dxc4 16. Nxc4 Rab8 17. Rfc1 b5 18. Nxd6 Qxd6 19. Rc5 a6 20. Rac1 Ne7 21. Ne5 Be8 22. Bb1 f6 23. Nd3 a5 24. Ba2 Kh8 25. Nf4 Bd7 26. h4 b4 27. h5 Rxc5 28. Rxc5 e5 29. Nd3 Bf5 30. Bc4 bxa3 31. Qxa3 exd4 32. Nf4 dxe3 33. Qxe3 Rb1+ 34. Kh2 Rb8 35. Rxa5 Bh7 36. g3 Nf5 37. Qa7 Re8 38. Bf7 Rf8 39. Bg6 Qd2 40. Bxh7 Kxh7 41. Rxf5 Qc3 42. Rc5 Re8 43. Rxc3 1-0

[Event "Katowice rapid op"]
[Site "Katowice"]
[Date "2025.05.31"]
[Round "6"]
[White "Woytitzki, Maja"]
[Black "Baran, Szymon"]
[Result "1-0"]
[WhiteElo "1652"]
[BlackElo "1873"]
[PlyCount "172"]
[EventDate "2025.05.31"]
[EventType "swiss"]
[EventRounds "11"]
[EventCountry "POL"]
[SourceTitle "CB24_2025"]
[SourceDate "2025.06.11"]
[SourceVersion "1"]
[SourceVersionDate "2025.06.11"]
[SourceQuality "1"]

1. d4 Nf6 2. c4 e6 3. Nf3 b6 4. g3 Bb7 5. Bg2 d6 6. 0-0 Nbd7 7. Nc3 Be7 8. Qc2 0-0 9. e4 e5 10. dxe5 Nxe5 11. Nxe5 dxe5 12. Rd1 Bd6 13. Bg5 h6 14. Bxf6 Qxf6 15. Nd5 Qe6 16. Rd3 Rfd8 17. Rad1 c6 18. Ne3 Be7 19. Nf5 Rxd3 20. Qxd3 Bf8 21. Bh3 Qf6 22. Qf3 Bc8 23. Kg2 Be6 24. b3 b5 25. cxb5 cxb5 26. Qe2 b4 27. Ne3 Bxh3+ 28. Kxh3 a5 29. Kg2 a4 30. Ng4 Qe6 31. Rd5 f6 32. Ne3 axb3 33. axb3 Qc6 34. Nc4 Rc8 35. Qh5 Qe6 36. Qd1 Kh7 37. Qd3 Bc5 38. f4 Bd4 39. fxe5 fxe5 40. Rd6 Qe7 41. Ra6 Rf8 42. Ne3 Qb7 43. Ra2 Qc6 44. Rc2 Qb7 45. Nd5 Qb8 46. Rc7 Qe8 47. Rc2 Qg6 48. Ne7 Qg5 49. Nd5 Qg6 50. Ne3 Qg5 51. Nf5 Qf6 52. h4 g6 53. g4 gxf5 54. exf5 Qxh4 55. f6+ Kh8 56. Rc7 Qf2+ 57. Kh3 Qe3+ 58. Qxe3 Bxe3 59. Rc6 Bg5 60. f7 Rxf7 61. Re6 Rf3+ 62. Kg2 Rxb3 63. Rxe5 Rb2+ 64. Kf3 b3 65. Rb5 Rb1 66. Ke2 b2 67. Kf2 Bc1 68. Rb8+ Kg7 69. Ke2 Ra1 70. Rb7+ Kg6 71. Rb6+ Kg5 72. Rb5+ Kh4 73. Kf3 Bg5 74. Rxb2 Ra3+ 75. Kg2 Rg3+ 76. Kh2 Rxg4 77. Rb3 Bf4+ 78. Kh1 h5 79. Rb2 Rg3 80. Rb5 Re3 81. Kg2 Kg4 82. Rb2 h4 83. Rf2 h3+ 84. Kf1 Kg3 85. Ra2 h2 86. Rg2+ Kf3 1-0

[Event "Ustron op-B"]
[Site "Ustron"]
[Date "2024.08.12"]
[Round "4"]
[White "Baran, Szymon"]
[Black "Kozak, Karol"]
[Result "1/2-1/2"]
[WhiteElo "1787"]
[BlackElo "1901"]
[PlyCount "51"]
[EventDate "2024.08.09"]
[EventType "swiss"]
[EventRounds "9"]
[EventCountry "POL"]
[SourceTitle "EXT 2025"]
[Source "ChessBase"]
[SourceDate "2024.10.14"]
[SourceVersion "1"]
[SourceVersionDate "2024.10.14"]
[SourceQuality "1"]

1. e4 c5 2. Nf3 d6 3. d4 cxd4 4. Nxd4 Nf6 5. Nc3 a6 6. Be2 e5 7. Nb3 Be6 8. Be3 Be7 9. f3 Nbd7 10. g4 0-0 11. Qd2 b5 12. Nd5 Bxd5 13. exd5 Nb6 14. Bxb6 Qxb6 15. 0-0-0 a5 16. Qd3 Rab8 17. Nd2 Rfc8 18. Ne4 b4 19. Kb1 a4 20. Nxf6+ gxf6 21. Qe4 Qc5 22. b3 Ra8 23. h4 Qc3 24. Qd3 a3 25. Qxc3 Rxc3 26. Rd3 1/2-1/2

[Event "Bohumin op-B 7th"]
[Site "Bohumin"]
[Date "2024.07.05"]
[Round "8"]
[White "Cempel, Jaroslav"]
[Black "Baran, Szymon"]
[Result "1-0"]
[WhiteElo "1962"]
[BlackElo "1740"]
[PlyCount "71"]
[EventDate "2024.06.29"]
[EventType "swiss"]
[EventRounds "9"]
[EventCountry "CZE"]
[SourceTitle "CBM 221 Extra"]
[Source "ChessBase"]
[SourceDate "2024.09.30"]
[SourceVersion "1"]
[SourceVersionDate "2024.09.30"]
[SourceQuality "1"]

1. f4 d5 2. Nf3 c5 3. e3 Nc6 4. d4 g6 5. c3 Nf6 6. Bd3 c4 7. Bc2 Bg7 8. b3 b5 9. a4 b4 10. Ne5 Qc7 11. Nxc6 Bg4 12. Qd2 bxc3 13. Nxc3 Qxc6 14. bxc4 dxc4 15. Ba3 Bf5 16. 0-0 Bxc2 17. Qxc2 0-0 18. Rfe1 Rfe8 19. Rab1 Rab8 20. Rxb8 Rxb8 21. Bxe7 Ng4 22. Bc5 Re8 23. e4 Rd8 24. Nd5 Qa6 25. h3 Nh6 26. Rc1 Qe6 27. Bxa7 f5 28. Qxc4 fxe4 29. Ne3 Qxc4 30. Rxc4 Nf5 31. Nxf5 gxf5 32. Bb6 Rd7 33. a5 Rb7 34. Kf2 Kf7 35. Ke3 Ke6 36. g4 1-0

[Event "Katowice Silesia 100th Ann op"]
[Site "Katowice"]
[Date "2024.04.27"]
[Round "1"]
[White "Baran, Szymon"]
[Black "Czarnota, Pawel"]
[Result "0-1"]
[WhiteElo "1699"]
[BlackElo "2501"]
[PlyCount "76"]
[EventDate "2024.04.27"]
[EventType "swiss (rapid)"]
[EventRounds "11"]
[EventCountry "POL"]
[SourceTitle "CBM 220 Extra"]
[Source "ChessBase"]
[SourceDate "2024.07.31"]
[SourceVersion "1"]
[SourceVersionDate "2024.07.31"]
[SourceQuality "1"]

1. b3 e5 2. Bb2 Nc6 3. e3 Nf6 4. Nf3 e4 5. Nd4 Nxd4 6. Bxd4 d5 7. d3 Bb4+ 8. Bc3 Qe7 9. Bxb4 Qxb4+ 10. Qd2 Qxd2+ 11. Nxd2 Bf5 12. dxe4 dxe4 13. Bc4 c6 14. 0-0-0 Ke7 15. h3 h5 16. Nb1 h4 17. Nc3 Rad8 18. a4 g5 19. Ne2 Nd7 20. Nd4 Bg6 21. f4 exf3 22. gxf3 Nc5 23. Rhg1 Kf6 24. e4 Nd7 25. f4 gxf4 26. Rdf1 Bxe4 27. Rg4 Ke5 28. Rfxf4 Nc5 29. Nf3+ Bxf3 30. Rxf3 f5 31. Rg5 Rhf8 32. Rh5 Rd4 33. Bd3 Nxd3+ 34. cxd3 Rf4 35. Rxf4 Kxf4 36. Rxh4+ Kg3 37. Rb4 f4 38. Rxb7 f3 0-1

[Event "Jastrzebie Zdroj op"]
[Site "Jastrzebie Zdroj"]
[Date "2022.11.26"]
[Round "9"]
[White "Matusiak, Paulina"]
[Black "Baran, Szymon"]
[Result "1-0"]
[WhiteElo "1505"]
[BlackElo "1169"]
[PlyCount "50"]
[EventDate "2022.11.19"]
[EventType "swiss"]
[EventRounds "9"]
[EventCountry "POL"]
[SourceTitle "CBM 211 Extra"]
[Source "ChessBase"]
[SourceDate "2023.01.31"]
[SourceVersion "1"]
[SourceVersionDate "2023.01.31"]
[SourceQuality "1"]

1. c4 e5 2. Nc3 Nf6 3. d3 c6 4. g3 d5 5. cxd5 Nxd5 6. Bg2 Be6 7. e4 Nxc3 8. bxc3 Bc5 9. Nf3 Nd7 10. h3 0-0 11. 0-0 h6 12. Be3 Bb6 13. d4 exd4 14. Nxd4 Bc4 15. Re1 Ne5 16. Qh5 Qf6 17. Nf5 Bxe3 18. Rxe3 g6 19. Qxh6 Nd3 20. g4 Rfe8 21. Rf1 Ne5 22. f4 Bxf1 23. fxe5 Qxe5 24. Bxf1 gxf5 25. gxf5 Re6 1-0

[Event "Jastrzebie Zdroj op"]
[Site "Jastrzebie Zdroj"]
[Date "2022.11.22"]
[Round "5"]
[White "Niesporek, Franciszek"]
[Black "Baran, Szymon"]
[Result "1-0"]
[WhiteElo "1476"]
[BlackElo "1169"]
[PlyCount "94"]
[EventDate "2022.11.19"]
[EventType "swiss"]
[EventRounds "9"]
[EventCountry "POL"]
[SourceTitle "CBM 211 Extra"]
[Source "ChessBase"]
[SourceDate "2023.01.31"]
[SourceVersion "1"]
[SourceVersionDate "2023.01.31"]
[SourceQuality "1"]

1. e4 Nf6 2. e5 Nd5 3. c4 Nb6 4. c5 Nd5 5. Nc3 Nxc3 6. dxc3 d6 7. Nf3 Nc6 8. Bc4 e6 9. Bg5 Qd7 10. Qe2 d5 11. 0-0-0 Bxc5 12. Bd3 a6 13. h4 b5 14. h5 h6 15. Bf4 b4 16. c4 Ne7 17. g4 Qa4 18. Kb1 b3 19. a3 Rb8 20. g5 hxg5 21. Nxg5 Bb7 22. Rhg1 dxc4 23. Bxc4 Bd5 24. Bxd5 Nxd5 25. Rxd5 exd5 26. e6 f6 27. Nf7 Rf8 28. Bxc7 Rb7 29. Bd6 Qa5 30. Bxf8 Bxf8 31. Rc1 Qb5 32. Qe3 Qb6 33. Qc3 Rb8 34. f4 Bd6 35. Nxd6+ Qxd6 36. Qg3 Kf8 37. Re1 Rb7 38. Qc3 Ke7 39. f5 Qc7 40. Qd2 Qc4 41. Qe3 Qc2+ 42. Ka1 Rc7 43. h6 gxh6 44. Qxh6 Qf2 45. Qg7+ Kd6 46. Qf8+ Kc6 47. Rc1+ Qc2 1-0

[Event "Jastrzebie Zdroj op"]
[Site "Jastrzebie Zdroj"]
[Date "2022.11.21"]
[Round "4"]
[White "Baran, Szymon"]
[Black "Furlepa, Oskar"]
[Result "1-0"]
[WhiteElo "1169"]
[BlackElo "1296"]
[PlyCount "77"]
[EventDate "2022.11.19"]
[EventType "swiss"]
[EventRounds "9"]
[EventCountry "POL"]
[SourceTitle "CBM 211 Extra"]
[Source "ChessBase"]
[SourceDate "2023.01.31"]
[SourceVersion "1"]
[SourceVersionDate "2023.01.31"]
[SourceQuality "1"]

1. e4 c5 2. b3 e6 3. Bb2 d5 4. exd5 exd5 5. Nf3 Nf6 6. d4 Be6 7. Nbd2 Nc6 8. Bb5 a6 9. Bxc6+ bxc6 10. 0-0 Bd6 11. Qe2 0-0 12. c4 dxc4 13. Nxc4 Bxc4 14. Qxc4 cxd4 15. Bxd4 Qd7 16. Bxf6 gxf6 17. Rad1 Qc7 18. Qh4 Be5 19. Nxe5 fxe5 20. Qf6 Rfe8 21. Rd6 Rac8 22. Rfd1 Qe7 23. Rxc6 Rxc6 24. Qxc6 Qe6 25. Rd6 Qc8 26. Qxc8 Rxc8 27. g3 Ra8 28. Kg2 Kg7 29. Kf3 f6 30. Ke4 Kg6 31. f4 exf4 32. Kxf4 a5 33. g4 a4 34. g5 axb3 35. Rxf6+ Kg7 36. axb3 h5 37. Rb6 h4 38. Kg4 h3 39. Kxh3 1-0